000 00508nam a22001577a 4500
082 _a621.31
_bMUH
100 _aMuhammad Sohaib Choudhary (327829)
_9126309
245 _aDesign of Model Predictive Control for 7-Level Packed U-Cell Grid Connected Multilevel Inverter /
264 _aIslamabad :
_bUSPCAS-E, NUST
_cJuly, 2024.
300 _axiv, 70 p.
_e+CD
520 _aTH-590
650 _aMS EEP Thesis
650 _aMS Thesis
_918721
700 _aDr. Hassan Abdullah Khalid
_928912
942 _2ddc
_cTHE
999 _c612008
_d612008